Clic Les villes des états américains - Statistiques

Statistiques générales
  • Ce quiz a été pris 22 fois
  • Le résultat moyen est 42 sur 83
Statistiques - réponses
Hint Explanation Réponse % Correct
Sacramento Californie Capitale
86%
Tallahassee Floride Capitale
81%
Juneau Alaska Capitale
76%
Montgomery Alabama Capitale
71%
Springfield Illinois Capitale
71%
Wichita Kansas Ville la plus peuplée
71%
Harrisburg Pennsylvanie Capitale
67%
Lansing Michigan Capitale
67%
Frankfort Kentucky Capitale
67%
Albany New York Capitale
67%
Fargo Dakota du Nord Ville la plus peuplée
67%
Birmingham Alabama Ville la plus peuplée
67%
Bâton-rouge Louisiane Capitale
62%
Salem Oregon Capitale
62%
Concord New Hampshire Capitale
62%
Bismarck Dakota du Nord Capitale
62%
Atlanta Géorgie Les deux
62%
Wlmington Delaware Ville la plus peuplée
62%
Manchester New Hampshire Ville la plus peuplée
62%
Los Angeles Californie Ville la plus peuplée
62%
Lincoln Nebraska Capitale
57%
Topeka Kansas Capitale
57%
Trenton New Jersey Capitale
57%
Annapolis Maryland Capitale
57%
Montpelier Vermont Capitale
57%
Pierre Dakota du sud Capitale
57%
Olympia Washington Capitale
57%
Austin Texas Capitale
57%
Raleigh Caroline du nord Capitale
57%
Honolulu Hawaï Les deux
57%
Louisville Kentucky Ville la plus peuplée
57%
Sioux Falls Dakota du sud Ville la plus peuplée
57%
La Nouvelle-Orléans Louisiane Ville la plus peuplée
57%
New York New York Ville la plus peuplée
57%
Houston Texas Ville la plus peuplée
57%
Virginia Beach Virginie Ville la plus peuplée
57%
Carson city Nevada Capitale
52%
Helena Montana Capitale
52%
Augusta Maine Capitale
52%
Madison Wisconsin Capitale
52%
Richmond Virginie Capitale
52%
Denver Colorado Les deux
52%
Phoenix Arizona Les deux
52%
Boston Massachusetts Les deux
52%
Milwaukee Wisconsin Ville la plus peuplée
52%
Sante Fe Nouveau Mexique Capitale
48%
Dover Delaware Capitale
48%
Hartford Connecticut Capitale
48%
Oklahoma City Oklahoma Les deux
48%
Indianapolis Indiana Les deux
48%
Portland Maine Ville la plus peuplée
48%
Bridgeport Connecticut Ville la plus peuplée
48%
Newark New Jersey Ville la plus peuplée
48%
Baltimore Maryland Ville la plus peuplée
48%
Portland Oregon Ville la plus peuplée
48%
Anchorage Alaska Ville la plus peuplée
48%
Détroit Michigan Ville la plus peuplée
48%
Philadelphie Pennsylvanie Ville la plus peuplée
48%
Las Vegas Nevada Ville la plus peuplée
48%
Burlington Vermont Ville la plus peuplée
48%
Jefferson city Missouri Capitale
43%
Nashville Tennessee Capitale
43%
Little Rock Arkansas Les deux
43%
Seattle Washington Ville la plus peuplée
43%
Chicago Illinois Ville la plus peuplée
43%
Charlotte Caroline du nord Ville la plus peuplée
43%
Billings Montana Ville la plus peuplée
43%
Saint-Paul Minnesota Capitale
38%
Columbia Caroline du Sud Les deux
38%
Minneapolis Minnesota Ville la plus peuplée
38%
Memphis Tennessee Ville la plus peuplée
33%
Albuquerque Nouveau Mexique Ville la plus peuplée
33%
Omaha Nebraska Ville la plus peuplée
33%
Des Moines Iowa Les deux
29%
Salt Lake City Utah Les deux
29%
Providence Rhode Island Les deux
29%
Kansas city Missouri Ville la plus peuplée
29%
Columbus Ohio Les deux
24%
Jacksonville Floride Ville la plus peuplée
24%
Jackson Mississippi Les deux
19%
Cheyenne Wyoming Les deux
19%
Boise Idaho Les deux
14%
Charleston Virginie occidentale Les deux
10%
Aucun quiz correspondant
Distribution des résultats
% des personnes avec chaque résultat
Percentile par nombre de réponses
Votre historique - résultats
Vous n’avez pas pris ce quiz